| 000 | 00597nam a2200193 a 4500 | ||
|---|---|---|---|
| 003 | AM-YeHGA | ||
| 040 | _aAM-YeHGA | ||
| 090 | _c77407 | ||
| 001 | 000217359 | ||
| 005 | 20250618071503.0 | ||
| 008 | 030410s1934 ai r 000 0 arm d | ||
| 041 | 0 | _aarm | |
| 100 | 1 |
_aԱլազան, Վահրամ Մարտիրոսի, _d1903-1966 _978 |
|
| 245 | 1 | 0 |
_aՎաթսուներորդ հորիզոնում : _bՎեպ / _cԱլազան. |
| 260 |
_aՅերեվան : _bՊետհրատ, _c1934. |
||
| 300 |
_a568 էջ _bնկ. ; _c19 սմ. |
||
| 650 | 1 | 4 |
_aՀայ գրականություն _xՎեպ |
| 942 |
_2udc _cBK |
||
| 999 |
_c76172 _d76172 |
||